00233nam a22000977a 4500008004100000020002200041100001200063245002900075260002300104300000800127250307b |||||||| |||| 00| 0 eng d a978-93-80231-31-0 aR Singh aSocial Economic Offences aHaryanabALAc2022 a464